Every High School in Mississauga - Statistics

General Stats
  • This quiz has been taken 9 times
  • The average score is 11 of 31
Answer Stats
Population (approx.) High School % Correct
982 (approx.) Mississauga
75%
1295 (approx.) Port Credit
75%
1840 (approx.) St. Francis Xavier
75%
1800 (approx.) St. Marcellinus
63%
475 (approx.) St. Paul
63%
947 (approx.) Streetsville
63%
1086 (approx.) Glenforest
50%
1637 (approx.) John Fraser
50%
1077 (approx.) Meadowvale
50%
1235 (approx.) Applewood Heights
38%
1180 (approx.) Cawthra Park
38%
981 (approx.) Erindale
38%
750 (approx.) Iona
38%
777 (approx.) Lorne Park
38%
1500 (approx.) Loyola
38%
1540 (approx.) Stephen Lewis
38%
1317 (approx.) St. Joseph
38%
940 (approx.) T.L. Kennedy
38%
400 (approx.) West Credit
38%
866 (approx.) Clarkson
25%
669 (approx.) John Cabot
25%
1350 (approx.) Philip Pocock
25%
1415 (approx.) Rick Hansen
25%
1090 (approx.) St. Joan of Arc
25%
1088 (approx.) St. Martin
25%
1167 (approx.) Father Michael Goetz
13%
1746 (approx.) St. Aloysius Gonzaga
13%
637 (approx.) Ascension of Our Lord
0%
845 (approx.) Lincoln M. Alexander
0%
1294 (approx.) Our Lady of Mt. Carmel
0%
158 (approx.) St. Oscar Romeo
0%
No matching quizzes found
Score Distribution
Percent of People with Each Score
Percentile by Number Answered
Your Score History
You have not taken this quiz